La Nueva reforma social desde la perspectiva empresarial /
Сохранить в:
| Главный автор: | |
|---|---|
| Формат: | Текст |
| Предметы: | |
| Метки: |
Добавить метку
Нет меток, Требуется 1-ая метка записи!
|
MARC
| LEADER | 00000 a a2200000 04500 | ||
|---|---|---|---|
| 001 | 17136 | ||
| 003 | |||
| 040 | |||
| 100 | |a Yankelewitz Berger, Samuel | ||
| 245 | |a La Nueva reforma social desde la perspectiva empresarial / |c Samuel Yankelewitz Berger | ||
| 650 | |a REFORMA SOCIAL | ||
| 650 | |a LEGISLACION SOCIAL | ||
| 650 | |a POLITICA SOCIAL | ||
| 650 | |a SEGURIDAD SOCIAL | ||
| 650 | |a EMPRESAS | ||
| 773 | |g volumen 7, número 2; páginas 73-82 | ||
| 999 | |c 32650 |d 32650 | ||
